Équipes - Euro 1992 - Statistiques

Statistiques générales
  • Ce quiz a été pris 33 fois
  • Le résultat moyen est 7 sur 8
Statistiques - réponses
Squadra % Correct
Allemagne
100%
Angleterre
100%
France
100%
Danemark
91%
Pays-Bas
91%
Suède
88%
Ecosse
73%
CEI
24%
Aucun quiz correspondant
Distribution des résultats
% des personnes avec chaque résultat
Percentile par nombre de réponses
Votre historique - résultats
Vous n’avez pas pris ce quiz